000 01173nam a2200349 a 4500
001 000044433
003 DO-SdBPM
005 20260428085958.0
007 ta
008 140630d2025 dr a 000 0 spa d
020 _a9789945525014
040 _aDO-SdBPM
_bspa
_cBPMSU
_erda
082 4 _aRD863.5
_bS237t 2025
_222
100 1 _aSantos, Dulce Elvira de los
_d1964-
_eautora
_4aut.
245 1 0 _aCuentos para toda la vida /
_cDulce Elvira de los Santos ; ilustración Henry Cid.
260 _c
264 _aSanto Domingo :
_bEditora Nacional,
_c2025
300 _a93 páginas :
_bilustraciones ;
_c18 cm.
336 _atexto
_btxt
_2rdacontent
337 _asin mediación
_bn
_2rdamedia
338 _avolumen
_bnc
_2rdacarrier
490 0 _anarrativa
500 _3Incluye datos biográficos de la autora en la solapa de la contracubierta
590 _aInventariado, 2026/VM
590 _6Inventariado, 2023/VM
650 7 _aCuentos infantiles dominicanos
_2
650 7 _aLiteratura infantil dominicana
650 7 _alibros ilustrados para niños
700 1 _aCid, Henry
_eilustrador
910 _aVMateo V. Control de calidad BPMSU
942 _2ddc
_cBK
999 _c15801
_d15801